[Event "AUT-ch"]
[Site "Voitsberg"]
[Date "1995.??.??"]
[Round "9"]
[White "Eisterer, Heinrich"]
[Black "Wach, Markus"]
[Result "1-0"]
[WhiteElo "2360"]
[BlackElo "2380"]
[Annotator "ChessBase"]
[PlyCount "157"]
[EventDate "1995.??.??"]
[EventType "tourn"]
[EventRounds "15"]
[EventCountry "AUT"]
[EventCategory "5"]
[SourceTitle "CBM 049 Extra"]
[Source "ChessBase"]
[SourceDate "1996.01.01"]
[SourceVersion "1"]
[SourceVersionDate "1996.01.01"]
[SourceQuality "1"]

1. Nf3 g6 2. d4 Bg7 3. c3 Nf6 4. Bg5 O-O 5. Nbd2 d5 6. e3 Nbd7 7. Be2 c5 8. O-O
h6 9. Bh4 g5 10. Bg3 Nh5 11. Qb3 Nxg3 12. hxg3 e6 13. Rfd1 c4 14. Qc2 Rb8 15.
a4 g4 16. Ne1 h5 17. b3 cxb3 18. Qxb3 h4 19. gxh4 Qxh4 20. g3 Qh5 21. Ng2 Bh6
22. Nh4 Kg7 23. Kg2 Nf6 24. Rh1 Bd7 25. Bd3 Qg5 26. Ndf3 gxf3+ $8 (26... Qh5
27. Ne5 Qg5 28. Nhf3 gxf3+ 29. Nxf3 Qg4 30. Rh4 $18) 27. Nxf3 Qg4 28. Rh4 Qxh4
29. Nxh4 Rfc8 30. Nf3 Rc7 31. Ne5 Rbc8 32. Rc1 Be8 33. f4 Kg8 34. g4 Bg7 35. g5
Nd7 36. Kf3 Nxe5+ 37. fxe5 Bf8 38. Kg4 a5 39. Qb2 Bxa4 40. Rh1 Be8 41. Rh8+
Kxh8 42. Qh2+ Bh6 43. Qxh6+ Kg8 44. Qh7+ Kf8 45. Qh8+ Ke7 46. Qf6+ Kd7 47. Bb5+
Rc6 48. e4 Kc7 49. exd5 exd5 50. Bxc6 bxc6 51. e6 fxe6 52. g6 Bxg6 53. Qxg6 Kd6
54. Qg7 c5 55. Qb7 Rg8+ 56. Kf4 Rf8+ 57. Ke3 cxd4+ 58. cxd4 Rh8 59. Qb6+ Kd7
60. Qb7+ Kd6 61. Qb6+ Kd7 62. Qxa5 Rh4 63. Qa7+ Kd6 64. Qb8+ Kd7 65. Qg3 Re4+
66. Kd3 Kc6 67. Kc3 Re2 68. Qd3 Re4 69. Kb3 Kd7 70. Qc3 Ke7 71. Qc5+ Kf7 72.
Kb4 Kg6 73. Kb5 Kg5 74. Qf8 Kg6 75. Kc5 Re1 76. Kd6 Re4 77. Qe8+ Kf6 78. Qe7+
Kf5 79. Qf7+ 1-0

[Event "AUT-ch"]
[Site "Voitsberg"]
[Date "1995.??.??"]
[Round "14"]
[White "Casagrande, Harald"]
[Black "Stanec, Nikolaus"]
[Result "0-1"]
[WhiteElo "2345"]
[BlackElo "2480"]
[Annotator "ChessBase"]
[PlyCount "140"]
[EventDate "1995.??.??"]
[EventType "tourn"]
[EventRounds "15"]
[EventCountry "AUT"]
[EventCategory "5"]
[SourceTitle "CBM 049 Extra"]
[Source "ChessBase"]
[SourceDate "1996.01.01"]
[SourceVersion "1"]
[SourceVersionDate "1996.01.01"]
[SourceQuality "1"]

1. d4 Nf6 2. Nf3 g6 3. Bg5 Bg7 4. c3 d5 5. Nbd2 c6 6. Bxf6 exf6 7. e3 Nd7 8. c4
dxc4 9. Bxc4 Nb6 10. Be2 O-O 11. O-O Re8 12. Qc2 f5 13. Nc4 Be6 14. g3 Bd5 15.
Na5 Rb8 16. Ne1 h5 17. b4 h4 18. Bf3 hxg3 19. hxg3 Bf6 20. Qd1 Bxf3 21. Qxf3
Nd5 22. Rb1 Nc3 23. Rb2 Ne4 24. Nb3 Kg7 25. Qg2 Rh8 26. Nf3 Qd5 27. Nfd2 Rh6
28. Nxe4 fxe4 29. Rc1 Be7 30. Nd2 Rbh8 31. b5 Ba3 32. Rcc2 Bxb2 33. Rxb2 cxb5 (
33... Rh1+ 34. Qxh1 Rxh1+ 35. Kxh1 cxb5 $19) 34. Qxe4 Qd7 $2 (34... Rh1+ 35.
Kg2 R8h2+ 36. Kf3 Rxf2+ 37. Kxf2 Qxe4 38. Nxe4 Rh2+ $19) 35. Qe5+ Kh7 $2 (35...
f6 36. Qxb5 $15) 36. Qxb5 $2 $138 (36. Ne4 $142 $1 $13) 36... Qxb5 37. Rxb5 b6
38. Rd5 Kg7 39. Rd7 a5 40. Nc4 Rh1+ 41. Kg2 R8h2+ 42. Kf3 Rf1 43. a4 Rhxf2+ 44.
Ke4 Rb1 45. Rb7 Rb4 46. Kd3 Rxa4 47. Rxb6 Ra1 48. Ra6 a4 49. d5 a3 50. Rxa3
Rxa3+ 51. Nxa3 Rg2 52. Kd4 Rxg3 53. Nc4 Rg4+ 54. Kc5 Kf6 55. Nd6 Rg1 56. e4 Rd1
57. Nc4 Ke7 58. Ne5 g5 59. Nc6+ Ke8 60. Ne5 f6 61. Ng4 Rf1 62. Kd6 Kd8 63. Ke6
Rf4 64. Nh6 g4 65. d6 Rxe4+ 66. Kf5 g3 67. Kxe4 g2 68. Ng4 g1=Q 69. Nxf6 Qc5
70. d7 Qg5 0-1

[Event "Elenite op"]
[Site "Elenite"]
[Date "1986.??.??"]
[Round "?"]
[White "Kurtenkov, Atanas"]
[Black "Donev, Ivo Hristov"]
[Result "1-0"]
[WhiteElo "2455"]
[BlackElo "2350"]
[Annotator "ChessBase"]
[PlyCount "74"]
[EventDate "1986.??.??"]
[EventType "swiss"]
[EventRounds "9"]
[EventCountry "BUL"]
[SourceTitle "EXT 1997"]
[Source "ChessBase"]
[SourceDate "1996.11.15"]
[SourceVersion "1"]
[SourceVersionDate "1996.11.15"]
[SourceQuality "1"]

1. d4 Nf6 2. Nf3 d5 3. Bg5 c6 4. e3 Qb6 5. Qc1 Bf5 6. Be2 Nbd7 7. O-O e6 8. c4
Be7 9. Nc3 h6 10. Bf4 O-O $2 (10... Nh5 $5) (10... dxc4 $1) 11. c5 Qd8 12. h3
Ne4 13. b4 Re8 14. b5 Bf6 15. bxc6 bxc6 16. Nxe4 Bxe4 17. Bd6 e5 18. Qc3 exd4
19. exd4 Re6 20. Ne5 Rxd6 21. cxd6 c5 22. f4 cxd4 23. Qxd4 Qb8 $2 (23... Qe8 $1
24. Bb5 Bxe5 (24... Nxe5 $1 25. Bxe8 Nf3+ 26. gxf3 Bxd4+ $10 27. Kg2 Bxa1 28.
d7 Bf6 29. fxe4 dxe4) 25. fxe5 Qxe5 26. Qxe5 Nxe5 27. Rac1 Rd8 28. Rc7 Rxd6 29.
Re7 f6 30. Rxa7 $16) 24. Rad1 Bxe5 25. fxe5 Qb6 26. Bf3 Nxe5 27. Bxe4 dxe4 28.
Kh1 Qxd4 29. Rxd4 e3 30. Re1 f6 31. Rxe3 Kf7 32. Rb3 Ke6 33. Rb7 Nc6 34. Rd3 g6
35. Rc7 Ne5 36. Re7+ Kf5 37. Rd1 g5 1-0

[Event "Olympiad-31"]
[Site "Moscow"]
[Date "1994.12.06"]
[Round "6.3"]
[White "Plachetka, Jan"]
[Black "Mohr, Georg"]
[Result "1-0"]
[WhiteElo "2420"]
[BlackElo "2435"]
[Annotator "Dolmatov,S"]
[PlyCount "66"]
[EventDate "1994.12.01"]
[EventType "team-swiss"]
[EventRounds "14"]
[EventCountry "RUS"]
[SourceTitle "CBM 045"]
[Source "ChessBase"]
[SourceDate "1995.04.01"]
[SourceVersion "1"]
[SourceVersionDate "1995.04.01"]
[SourceQuality "1"]
[WhiteTeam "Slovakia"]
[BlackTeam "Slovenia"]
[WhiteTeamCountry "SVK"]
[BlackTeamCountry "SLO"]

1. d4 Nf6 2. Nf3 g6 3. Bg5 Bg7 4. Nbd2 d5 5. e3 O-O 6. Bd3 c5 7. c3 Qb6 8. Rb1
Nc6 9. O-O a5 (9... e5 $5 10. Nxe5 Nxe5 11. dxe5 Ng4 12. Nf3 Nxe5 13. Nxe5 Bxe5
14. f4 Bg7 15. f5 $10) 10. h3 Re8 $6 (10... a4 $132) 11. a4 Nd7 (11... e5 12.
Bxf6 $1 Bxf6 13. e4 exd4 14. exd5 Ne5 15. Bb5 $40) 12. Re1 h6 13. Bh4 e5 14. e4
dxe4 15. Nc4 Qc7 16. Rxe4 cxd4 17. cxd4 f5 18. Re1 e4 19. d5 (19. Bg3 $6 f4 (
19... Qd8 20. Nd6 $40) 20. Bxe4 fxg3 21. Bd5+ Kf8) 19... Nb4 20. d6 Qc5 21. Bf1
b5 $6 (21... g5 $5 22. Bg3 f4 23. Bh2 Nf6 24. Nfe5 Be6 $13) 22. axb5 Bb7 23.
Nfd2 a4 $6 (23... Qxb5 $5) 24. Rc1 g5 $2 (24... Nd3 25. Bxd3 exd3 26. Na5 $1 (
26. Re7 Qxb5) 26... Qxb5 27. Nxb7 Qxb7 28. Rc7) (24... Qd4 $5 25. Be7 Rec8) 25.
Ne3 $1 (25. Bg3 $6) 25... Qe5 (25... Qxd6 26. Nxf5 Qg6 27. Nxg7 $16) 26. Rc7 $1
$16 Rab8 (26... Nc5 27. Ndc4 $16) 27. Rxd7 gxh4 28. Ndc4 Qxb5 29. Rxg7+ Kxg7
30. d7 Rf8 (30... Red8 31. Qd4+ Kg8 32. Ne5 $18) 31. Nd6 Qe5 (31... Qxd7 32.
Ndxf5+ $18) 32. Nxb7 Nc6 33. Nd6 Nb4 1-0

[Event "Nations Cup Online Prelim"]
[Site "Chess.com INT"]
[Date "2020.05.09"]
[Round "10.1"]
[White "Artemiev, Vladislav"]
[Black "Vidit, Santosh Gujrathi"]
[Result "1-0"]
[WhiteElo "2716"]
[BlackElo "2726"]
[Annotator "Edouard,R"]
[PlyCount "51"]
[EventDate "2020.05.05"]
[EventType "team-tourn"]
[EventRounds "10"]
[EventCountry "USA"]
[SourceTitle "CBM 196"]
[Source "ChessBase"]
[SourceDate "2020.06.30"]
[SourceVersion "1"]
[SourceVersionDate "2020.06.30"]
[SourceQuality "1"]
[WhiteTeam "Russia"]
[BlackTeam "India"]
[WhiteTeamCountry "RUS"]
[BlackTeamCountry "IND"]

{[%evp 0,51,29,27,27,27,27,-16,-16,-15,-1,21,27,3,26,21,28,28,2,12,27,27,59,40,
61,63,99,89,135,61,174,174,154,34,138,126,113,134,134,49,188,183,224,173,29989,
29990,29991,29992,29995,29996,29997,29998,29999,-30000]} 1. d4 Nf6 2. Nf3 d5 3.
Bg5 {One of Duda's weapon in blitz games. Sinking into theory would be too
long, but let's see some of his victories!} Ne4 (3... e6 4. Nbd2 Be7 5. e3 O-O
6. Bd3 h6 7. Bh4 c5 8. c3 Nc6 9. O-O b6 10. Ne5 Bb7 11. f4 Nd7 12. Bg3 Rc8 13.
a4 Ndb8 14. Qh5 Ba6 15. Bb5 Bb7 16. f5 Nxe5 17. Bxe5 Bg5 18. fxe6 fxe6 19. Qg6
Qe7 20. Bd3 Bxe3+ 21. Kh1 Rf5 22. g4 $18 {1-0 (30) Duda,J (2734)-Moussard,J 
(2608) chess24.com 2020}) (3... c5 4. e3 Nc6 5. c3 Qb6 6. Qc1 Bf5 (6... Ne4 7.
Bf4 Bf5 8. Nbd2 e6 9. Be2 Be7 $11 {was also not very convincing for White,
although once more, Duda won: 1-0 (75) Duda,J (2753)-Harikrishna,P (2719)
chess24.com 2020.}) 7. Nbd2 e6 8. Be2 Be7 9. Nh4 Bg6 10. O-O Rc8 11. Nxg6 hxg6
12. Nf3 Bd6 13. dxc5 Qxc5 14. Bf4 Bxf4 15. exf4 O-O {The position is equal,
but Duda nevertheless won the game within 7 moves:} 16. Qd2 Rfd8 17. Bd3 b5 18.
Rac1 a6 19. Qe2 Qb6 (19... Qd6 $5) 20. Bxg6 $1 fxg6 21. Qxe6+ Kf8 $2 (21... Kh8
22. Ne5 $40) 22. Ne5 {1-0 Duda,J (2753)-Harikrishna,P (2719) chess24.com INT
2020}) 4. Bh4 Qd6 $5 (4... c5 5. e3 Nc6 6. c3 Qb6 7. Qc1 Bf5 8. Nbd2 e6 9. Be2
Rc8 10. O-O Be7 11. Bxe7 Nxe7 12. Nxe4 Bxe4 13. Nd2 Bg6 14. Nb3 cxd4 15. exd4
O-O $11 {Again Duda got no advantage, but he seems to love this line anyway!
0-1 (51) Duda,J (2737)-So,W (2780) chess.com 2018}) (4... h5 $5 5. Bg3 (5. h3
$5 f6 6. Nfd2 g5 7. Nxe4 dxe4 8. Bg3 $1) 5... g5 6. h3 Nxg3 7. fxg3 Qd6 8. Kf2
g4 9. hxg4 Bxg4 10. Nc3 Nc6 11. e4 dxe4 12. Nxe4 Qb4 13. c3 $5 Qb6 $2 (13...
Qxb2+ 14. Be2 $44) 14. Qb3 $16 {1-0 (30) Sjugirov,S (2650)-Cheparinov,I (2710)
Riyadh 2017}) 5. Nbd2 Qh6 6. Qc1 g5 $6 (6... Qh5 $5 {looks to me like better
move - simply answering Qc1 in a funny way and preventing Nxe4.}) 7. Nxe4 dxe4
8. Bxg5 Qh5 (8... Qg7 9. Nh4 $1 $146 (9. Ng1 $6 Qxd4 10. Bd2 Qb6 11. Bc3 Rg8
12. e3 Nc6 13. Ne2 Bg4 14. h3 Bxe2 15. Bxe2 Bg7 16. Bxg7 Rxg7 17. O-O O-O-O $15
{0-1 (27) Hauke,C (2295)-Schlindwein,R (2440) Germany 1996}) 9... Qxd4 10. c3
Qg7 11. g3 e5 12. Bg2 f6 13. Be3 f5 14. Bh3 Qf7 15. f3 {and Black's position
is awful.}) 9. Ng1 $1 {This time the knight would do better to retreat to g1.}
Bg7 10. c3 c5 11. Bd2 $1 (11. dxc5 $5 Na6 12. Qd2 Nxc5 13. Rd1 $1 (13. O-O-O
Be6 $132) 13... Be6 14. Nh3 $1 {would also be great for White.}) 11... Nc6 (
11... cxd4 12. cxd4 Bxd4 $4 13. Qxc8#) 12. e3 Bg4 {Otherwise 13.Ne2 and White
is much better.} 13. Ne2 {Anyway!} O-O-O (13... O-O {[%cal Rg1g8]}) (13... Bxe2
14. Bxe2 Qg6 15. O-O $18) 14. b4 $1 cxb4 (14... c4 $6 15. Nf4 $18 {The c4-pawn
is lost.}) 15. cxb4 Kb8 16. b5 $5 {A typical but excellent pawn sacrifice.} (
16. Ng3 $5) 16... Qxb5 17. Rb1 Qd5 $8 18. Nc3 Qe6 (18... Qd7 19. Nxe4 $18) 19.
Na4 Ka8 $2 (19... Qd6 {was better, but after} 20. Bc4 {or 20.Nc5, Black's
position remains awful.}) 20. Rxb7 $1 {Now it's over.} Qd6 (20... Nxd4 21. Qc7
Nc2+ 22. Qxc2 Rc8 23. Nc5 $5 Rxc5 24. Rxa7+ Kxa7 25. Qxc5+ $18) 21. Nc5 Nxd4
22. Rxa7+ Kxa7 23. Qa3+ Kb6 24. Qb4+ Kc6 25. Qb7+ Kxc5 26. Bb4# {Allowing mate
on the board is usually a sign of respect! What a crushing game by Artemiev.}
1-0

[Event "UKR-ch 80th"]
[Site "Kiev"]
[Date "2011.06.12"]
[Round "3"]
[White "Eljanov, Pavel"]
[Black "Volokitin, Andrei"]
[Result "1-0"]
[WhiteElo "2712"]
[BlackElo "2677"]
[Annotator "Eljanov,P"]
[PlyCount "72"]
[EventDate "2011.06.10"]
[EventType "tourn"]
[EventRounds "11"]
[EventCountry "UKR"]
[EventCategory "16"]
[SourceTitle "CBM 143"]
[Source "ChessBase"]
[SourceDate "2011.07.15"]
[SourceVersion "1"]
[SourceVersionDate "2011.07.15"]
[SourceQuality "1"]

1. d4 Nf6 2. Nf3 g6 {I should say, that it looks like for the first time in my
life I correctly guessed an opening which had been met only once before (and
it was not in his previous game) in the practice of my opponent. And this
despite the fact that Andrey has had time to check practically all the
openings! Actually the small mystery can be cleared up simply: Andrey, along
with Emil Sutovsky, was the second of Gata Kamsky who played the Grünfeld
Defence only in the Kazan Candidates. Thereupon I considered that the move 2...
g6 was rather probable.} 3. Bg5 $1 {Doesn't claim to be a refutation but parts
company from main and perfectly studied forcing lines of the Grünfeld. In this
specific game - it worked out 100%!} Bg7 4. Nbd2 c5 {Black has many
possibilities and this is not the most popular, but I think it's not worse
than others.} 5. e3 {By this moment my opponent had spent 40-50 minutes - not
bad for me.} ({I didn't know the theory and I was thinking a bit about} 5. Bxf6
Bxf6 6. Ne4 Bxd4 7. Nxd4 cxd4 8. Qxd4 O-O 9. O-O-O {with an interesting
position arising: White has a chance to get checkmate down the h-file. But
objectively Black should be okay here.} Nc6 10. Qd2 Qa5 $5 (10... d5 $5) 11.
Nc3 d6 12. h4 Be6 13. h5 Rac8 $13) 5... d5 6. c3 Qb6 7. Qb3 Nc6 8. Be2 c4 {
I don't like this move. Black will be not in time to hold the centre.} ({
Easier was} 8... O-O 9. O-O Bf5 10. dxc5 (10. Bxf6 Bxf6 11. Qxd5 cxd4 12. cxd4
Qxb2) 10... Qxc5 11. Nd4 Bc8 {It was played in some grandmaster games already.
Black is just fine here.}) 9. Qa3 $1 h6 ({The principled way was to try to
hold the pawn chain on the queenside:} 9... Qd8 10. b3 b5 11. O-O Bf5 $1 (11...
O-O $6 12. bxc4 bxc4 13. Ne5 $36) 12. bxc4 bxc4 13. Ne5 Nxe5 14. dxe5 Nd7 15.
e4 {This looks risky, but probably Black can hold it.}) 10. Bh4 g5 11. Bg3 Nh5
12. O-O (12. e4 Nxg3 13. hxg3 e6 14. O-O Bf8 $132) 12... Nxg3 13. hxg3 Bf5 14.
b3 (14. e4 dxe4 15. Nxc4 Qc7 16. Nfd2 O-O 17. Ne3 Bg6 $132) 14... cxb3 15. axb3
O-O 16. b4 a6 {At this moment I thought that White is much better. This is a
bit of an overestimation as White is a bit better, not more.} 17. Nb3 Rfc8 18.
Nc5 (18. Rfc1 e6 19. Nc5 Qc7 (19... Bf8 20. Nd7 $14) 20. c4 (20. Nd2 a5 21. b5
Ne5) 20... dxc4 21. Rxc4 Qe7 $14) 18... a5 19. b5 Nb8 20. Nd2 Qc7 21. Rac1 (21.
b6 $5 Qxb6 22. e4 dxe4 23. Rfb1 Qd8 24. Rxb7 Nd7 25. Ncxe4 $14) 21... Nd7 22.
c4 $1 dxc4 23. g4 $1 {Two strong zwischenzugs have confused my opponent and in
time trouble Andrey commits the only serious but decisive mistake in the game.}
Nxc5 $2 (23... Bg6 {was forced and Black is very much in the game:} 24. Na4 (
24. Nxd7 Qxd7 25. Nxc4 Qe6 26. d5 Qf6 27. Rfd1 $14) 24... Bf8 25. Nxc4 e6 26.
Qb3 $14) 24. gxf5 Qd8 25. Bxc4 Nd7 26. Qa2 Qe8 27. Bd5 {Now Black is just lost.
} Rxc1 28. Rxc1 Ra7 29. Nc4 (29. Rc7 $1 Nb6 30. Bxb7 Qb8 31. Rxe7) 29... b6 30.
Bc6 (30. Nb2 $1) 30... Qb8 31. Bd5 Qe8 32. Nb2 $1 Nf6 33. Na4 Nxd5 34. Qxd5 Qd7
35. Nxb6 Qxd5 36. Nxd5 Rd7 {Black forfeits on time.} 1-0

[Event "CUB-ch"]
[Site "Holguin"]
[Date "2002.04.13"]
[Round "12"]
[White "Arencibia Rodriguez, Walter"]
[Black "Dominguez Perez, Leinier"]
[Result "0-1"]
[WhiteElo "2542"]
[BlackElo "2594"]
[Annotator "Finkel,A"]
[PlyCount "96"]
[EventDate "2002.03.31"]
[EventType "tourn"]
[EventRounds "17"]
[EventCountry "CUB"]
[EventCategory "9"]
[SourceTitle "CBM 089"]
[Source "ChessBase"]
[SourceDate "2002.08.12"]
[SourceVersion "1"]
[SourceVersionDate "2002.08.12"]
[SourceQuality "1"]

1. Nf3 Nf6 2. d4 d5 3. Bg5 Ne4 4. Bh4 c5 5. dxc5 Qa5+ 6. c3 Qxc5 7. Nbd2 Nc6 (
7... Nxd2 8. Qxd2 e6 $6 9. e4 $1 Nc6 10. O-O-O Be7 11. exd5 exd5 12. Qxd5 Qxd5
13. Rxd5 $16 {Pollak,G-Eichhorn,E/Buesum 1967}) 8. e3 g6 (8... Bf5 9. Be2 e6 (
9... e5 10. O-O f6 $6 11. Nxe4 dxe4 $6 12. Nd2 {[%csl Re4]} Bg6 13. Qa4 Qa5 14.
Qc2 Be7 15. Nxe4 $16 {Berg,K-Danielsen,H/DEN-ch 1992}) 10. O-O Bd6 11. Nd4 Nxd4
12. cxd4 Qa5 13. Nxe4 Bxe4 14. Qb3 O-O $11 {Dos Santos,F-De Souza Haro,P/Rio
de Janeiro 1998}) (8... Nxd2 9. Nxd2 (9. Qxd2 e6 10. Bd3 Bd7 11. O-O a5 12. e4
Be7 13. Bg3 O-O 14. exd5 exd5 15. Qc2 g6 16. Qb3 $14 {Sergeev,V-Letov,A/Decin
1998}) 9... e5 10. Nb3 Qd6 11. Be2 Be6 12. O-O Be7 13. Bxe7 Qxe7 14. f4 f6 15.
fxe5 fxe5 16. Bb5 Bf7 $11 {Knezevic,B-Vujosevic,V/Budva 1996}) (8... Bg4 9. Nb3
Qd6 10. Be2 e5 11. a4 Be7 12. Bxe7 Nxe7 13. a5 O-O $13 {Cerrajeria,J-Palomar,S/
Aragon 1992}) 9. Nd4 {Deserved attention} (9. Nxe4 $5 dxe4 10. Nd4 Bg7 11. Be2
O-O 12. Nxc6 bxc6 13. O-O h6 $13 {[%cal Gg6g5,Ge7e5,Gf7f4]}) 9... Bg7 10. Nb5
$6 {Losing too much time while the pieces on the kingside remain undeveloped.}
(10. Nxe4) 10... Qb6 11. Nxe4 dxe4 12. Bg3 O-O 13. Bc7 (13. Nc7 $2 Qxb2 $19 {
[%csl Rc3]}) 13... Qc5 14. Rc1 {[%cal Gc1c7]} a6 15. Nd4 Na7 {Simple and
strong!} (15... Nxd4 $6 16. cxd4 Qb4+ 17. Qd2 Qxd2+ 18. Kxd2 $14) 16. Bg3 e5 $5
17. Nb3 Qc7 18. Qd5 $5 Be6 $1 {White king is in the center so black sacrifices
a pawn in order to leave it there!} 19. Qxe4 f5 20. Qc2 (20. Qf3 $2 f4 21. exf4
exf4 22. Bh4 h6 $19 {[%cal Gg6g5]}) 20... f4 21. Bh4 Bh6 $5 {[%cal Gg6g5]} 22.
exf4 exf4 23. f3 Rfe8 24. Kd1 $8 (24. Be2 Bc4 25. Nd4 Rxe2+ 26. Nxe2 Re8 $19)
24... Nc6 25. Bd3 Ne5 26. Be4 Nc4 27. Bf2 Rad8+ 28. Nd4 Bf7 29. Re1 {[%cal
Gd1e2,Ge2f1] Hoping to escape to the kingside.} (29. Qe2 $6 Ne3+ 30. Bxe3 fxe3
31. Ra1 (31. Rc2 Bxa2 $17) 31... b5 $40) 29... Ne3+ $2 {After this natural
move I don't see initiative for black while white is still a pawn up!} (29...
b5 $5 30. Ke2 $140 $2 Ne3 31. Bxe3 fxe3 32. g3 Rxe4 33. fxe4 Bc4+ 34. Kd1 (34.
Kf3 Rf8+ 35. Kg2 Rf2+ $19) 34... e2+ 35. Rxe2 Bxe2+ 36. Qxe2 Rxd4+ $19) 30.
Bxe3 fxe3 31. g3 $14 Qb6 (31... e2+ $6 32. Rxe2 Bxc1 33. Kxc1 $13) 32. b3 Qe6
33. Qe2 (33. Ke2 $6 Qh3) 33... Qf6 34. Kc2 b5 {[%cal Gb5b4]} 35. a3 b4 $5 {
Hoping to create some threats over the long diagonal.} 36. axb4 Rxd4 37. cxd4
Qxd4 {[%csl Rc2][%cal Gh6g7]} 38. Qd3 Qxb4 39. Bd5 (39. Re2 $5) 39... Bxd5 40.
Qxd5+ Kh8 41. Re2 Qb6 42. Kb1 $16 Bg7 43. Rc6 Qb8 44. Rxa6 $5 {Even simplier
was} (44. Re6 $1 Rd8 45. Qc4 $1 (45. R2xe3 Rxd5 46. Re8+ Qxe8 47. Rxe8+ Bf8 48.
Rxf8+ Kg7 49. Ra8 Rd3 50. Kc2 Rxf3 51. Rxa6 Rf2+ $11) 45... Bd4 46. Rxa6 $18 {
and black's position is hopeless.}) 44... Rd8 45. Qc4 Qe5 46. f4 $6 (46. Qc2
Qb5 47. Ra4 $18) 46... Qf5+ 47. Ka2 (47. Qc2 $2 Rd1+ 48. Ka2 Ra1#) (47. Kc1 Qd7
$19) 47... Qd7 48. Qc2 $4 {Throwing a game in one move!} (48. b4 $16) 48... Rc8
$1 (48... Rc8 49. Qb1 (49. Qe4 Qb5 50. Ra8 Qxe2+ 51. Ka3 Qb2+ $19) 49... Qb5
$19 {[%csl Ra6,Re2]}) 0-1

[Event "EU-Cup 18th"]
[Site "Kallithea"]
[Date "2002.09.27"]
[Round "6.1"]
[White "Chuchelov, Vladimir"]
[Black "Avrukh, Boris"]
[Result "1/2-1/2"]
[WhiteElo "2591"]
[BlackElo "2582"]
[Annotator "Finkel,A"]
[PlyCount "53"]
[EventDate "2002.09.22"]
[EventType "team-swiss"]
[EventRounds "7"]
[EventCountry "GRE"]
[SourceTitle "CBM 092"]
[Source "ChessBase"]
[SourceDate "2003.02.06"]
[SourceVersion "1"]
[SourceVersionDate "2003.02.06"]
[SourceQuality "1"]
[WhiteTeam "Eupen Rochade"]
[BlackTeam "Beer Sheva"]
[WhiteTeamCountry "BEL"]
[BlackTeamCountry "ISR"]

1. Nf3 g6 2. d4 Nf6 3. Bg5 Bg7 4. Nbd2 O-O 5. c3 d5 6. e3 Nbd7 7. Be2 Re8 {
Black's plan is to push e5, so he is making necessary preparations.} 8. h3 (8.
Qb3 c6 (8... c5 9. O-O a6 10. a4 b6 11. Qa3 Bb7 12. b4 cxd4 13. cxd4 Ne4 $11 {
Eingorn,V-Glek,I/Minsk 1983}) 9. O-O (9. c4 Nb6 10. cxd5 Qxd5 11. O-O Bf5 12.
Nc4 Be4 13. Bf4 Nh5 $11 {Bronstein,D-Watson,W/London 1989}) 9... e5 (9... Qb6
10. Qxb6 Nxb6 11. Bd3 Nbd7 12. c4 b6 13. Rab1 Bb7 14. b4 $14 {Danielsen,H-Berg,
K/Odense 1994}) 10. e4 $6 exd4 11. cxd4 dxe4 12. Bc4 Re7 13. Nxe4 Rxe4 14.
Bxf7+ Kh8 15. Rae1 Qf8 $1 16. Ne5 Rxd4 $17 {Timman,J-Kamsky,G/Moscow 1992})
8... e5 9. O-O $5 {White doesn't want to simplify the position after} (9. dxe5
{because black easily equalizes in that case} Nxe5 10. Nxe5 Rxe5 11. Nf3 Re8
12. O-O h6 13. Bh4 c5 14. Bb5 Bd7 15. Bxd7 Qxd7 $11 {Stajcic,N-Gurevich,I/
Kecskemet 1991}) 9... c6 10. Bh4 (10. b4 h6 11. Bh4 Qe7 12. Qb3 a5 13. bxa5
Rxa5 14. a4 e4 15. Ne1 c5 16. Nc2 c4 17. Qb2 b6 18. Ra2 Bb7 19. Rfa1 $13 {
1/2-1/2 Matlak,M-Kaminski,M/POL-ch 1994/TD (19)}) (10. c4 exd4 11. Nxd4 Nc5 12.
Rc1 Ne6 13. Nxe6 Bxe6 14. cxd5 Qxd5 $11 {Petkevich,J-Horvath,J/Elista 1998})
10... e4 11. Ne1 Nf8 {[%cal Gh7h6,Gg6g5,Gf8g6] It's not so easy for black to
get to white king, but at least he is trying to!} 12. b4 (12. c4 h6 13. Nc2 g5
14. Bg3 Ng6 15. b4) 12... h6 13. Nc2 g5 14. Bg3 Ng6 15. c4 (15. f3 exf3 16.
Bxf3 Bf5 17. Re1 Qd7 $15 {[%cal Gf6e4,Ga8e8,Ge8e7]}) 15... Be6 16. Rb1 {
White is getting ready for b5.} Rc8 (16... Nd7 17. b5 f5 18. Bh5 Kh7 19. bxc6
bxc6) 17. b5 cxb5 18. c5 $1 {Very strong move exposing black's problems on the
queenside.} (18. Rxb5 dxc4 (18... b6) 19. Rxb7 c3 20. Nb3 Re7 21. Rxe7 Qxe7 22.
Nc5 Bxa2 23. Qa1 Bd5 $13) 18... Nd7 (18... a6 19. a4 bxa4 20. Rxb7 $16 {
[%csl Ra4,Ra6]}) 19. a4 $6 {Much better was just to take on b5} (19. Bxb5 f5
20. Bd6 $14 {with long-lasting pressure.}) 19... b6 $1 $132 {Forcing white to
take on b6 after which all black's troubles are over.} 20. cxb6 Nxb6 21. Bxb5 (
21. axb5 $2 Na4 $17 {[%cal Ga4c3]}) 21... Bd7 22. Na3 (22. Nb4 Bf8 23. Na6 f5 {
[%cal Gf5f4]}) 22... Bf8 23. a5 Bxa3 24. axb6 axb6 25. Bxd7 Qxd7 26. Rxb6 Re6
27. Rxe6 1/2-1/2